The alchemist's secret / (Record no. 233680)

000 -LEADER
fixed length control field 01143cam a22002771a 4500
001 - CONTROL NUMBER
control field 5882086
003 - CONTROL NUMBER IDENTIFIER
control field Nust
005 - DATE AND TIME OF LATEST TRANSACTION
control field 20170310093923.0
008 - FIXED-LENGTH DATA ELEMENTS--GENERAL INFORMATION
fixed length control field 900831s1910 nyu 000 1 eng
010 ## - LIBRARY OF CONGRESS CONTROL NUMBER
LC control number 10010578
020 ## - INTERNATIONAL STANDARD BOOK NUMBER
International Standard Book Number 9781847560797
035 ## - SYSTEM CONTROL NUMBER
System control number (OCoLC)22303757
040 ## - CATALOGING SOURCE
Original cataloging agency DLC
Transcribing agency OU
Modifying agency CSdU
-- DLC
Description conventions bdrb
Modifying agency DLC
042 ## - AUTHENTICATION CODE
Authentication code premarc
050 00 - LIBRARY OF CONGRESS CALL NUMBER
Classification number PZ3.W6738
Item number A
082 ## - DEWEY DECIMAL CLASSIFICATION NUMBER
Classification number 823.92
Author Mark MAR
100 1# - MAIN ENTRY--PERSONAL NAME
Personal name Scott Mariani;
245 14 - TITLE STATEMENT
Title The alchemist's secret /
Statement of responsibility, etc. by Scott Mariani;
260 ## - PUBLICATION, DISTRIBUTION, ETC.
Place of publication, distribution, etc. New York :
Name of publisher, distributor, etc. P.J. Kenedy & Sons ...,
Date of publication, distribution, etc. 2007.
300 ## - PHYSICAL DESCRIPTION
Extent 486 p.
Dimensions 20 cm.
505 0# - FORMATTED CONTENTS NOTE
Formatted contents note The passing of Tony -- The tramp -- "He hath put down the mighty" -- A memorable Christmas morning -- Nancy's tale -- Patsy -- Three evenings in a life -- The eleventh hour -- The story of Julie Benoit -- Peter -- God's way.
530 ## - ADDITIONAL PHYSICAL FORM AVAILABLE NOTE
Additional physical form available note Also available in digital form.
650 ## - SUBJECT ADDED ENTRY--TOPICAL TERM
Topical term or geographic name entry element Murder
Form subdivision Fiction
710 2# - ADDED ENTRY--CORPORATE NAME
Corporate name or jurisdiction name as entry element P.J. Kenedy & Sons.
Relator code pbl
856 41 - ELECTRONIC LOCATION AND ACCESS
Uniform Resource Identifier <a href="http://hdl.loc.gov/loc.gdc/scd0001.00022913244">http://hdl.loc.gov/loc.gdc/scd0001.00022913244</a>
906 ## - LOCAL DATA ELEMENT F, LDF (RLIN)
a 7
b cbc
c oclcrpl
d u
e ncip
f 19
g y-gencatlg
942 ## - ADDED ENTRY ELEMENTS (KOHA)
Source of classification or shelving scheme
Koha item type Book
Holdings
Withdrawn status Lost status Source of classification or shelving scheme Damaged status Not for loan Collection code Permanent Location Current Location Shelving location Date acquired Total Checkouts Total Renewals Full call number Barcode Checked out Date last seen Date last checked out Copy number Price effective from Koha item type
            Central Library (CL) Central Library (CL) Fiction 03/10/2017 4 6 823.92 MAR CL2645 02/18/2026 10/06/2025 10/06/2025 1 03/10/2017 Book
© 2023 Central Library, National University of Sciences and Technology. All Rights Reserved.